[Event "Pige NM C"]
[Site "Jetsmark"]
[Date "2011.04.09"]
[Round "2.5"]
[White "Kyrkjebo, Marte Bakken"]
[Black "Christensen, Mette Ellegaard"]
[Result "0-1"]
[WhiteElo "1488"]
[BlackElo "1119"]
[PlyCount "158"]
[EventDate "2011.04.08"]
[EventType "swiss"]
[EventRounds "5"]
[EventCountry "DEN"]
[SourceTitle "EXT 2023"]
[Source "ChessBase"]
[SourceDate "2022.10.05"]
[SourceVersion "1"]
[SourceVersionDate "2022.10.05"]
[SourceQuality "1"]

1. e4 c5 2. Nc3 Nc6 3. g3 g6 4. Bg2 Bg7 5. d3 e6 6. f4 Nge7 7. Be3 d6 8. Nf3 0-0 9. 0-0 Rb8 10. g4 f5 11. h3 b5 12. Rb1 b4 13. Na4 a5 14. e5 Nd5 15. Qe2 dxe5 16. fxe5 Nxe5 17. Bxc5 Nf4 18. Qe1 Nxf3+ 19. Bxf3 Re8 20. Bc6 Bd7 21. Bxd7 Qxd7 22. Rxf4 Qxa4 23. b3 Qxa2 24. Rc4 Rbd8 25. d4 Rd5 26. Qc1 Qa3 27. Qxa3 bxa3 28. Ra1 fxg4 29. hxg4 e5 30. dxe5 Rdxe5 31. Bxa3 Re2 32. Rf1 R2e4 33. Rxe4 Rxe4 34. Rf2 Rxg4+ 35. Rg2 Rd4 36. Re2 Rd1+ 37. Kf2 Rd8 38. c4 Bd4+ 39. Kf3 Rc8 40. Rd2 Bc5 41. Bxc5 Rxc5 42. Rd5 Rxd5 43. cxd5 Kf8 44. Kf4 Ke7 45. Ke5 h5 46. d6+ Kd7 47. Kd5 h4 48. Ke4 Kxd6 49. Kf4 Kc5 50. Kg4 Kb4 51. Kxh4 Kxb3 52. Kg5 a4 53. Kxg6 a3 54. Kf6 a2 55. Ke5 a1Q+ 56. Kd5 Qc3 57. Ke4 Qd2 58. Ke5 Kc4 59. Ke6 Qd1 60. Ke5 Qd2 61. Ke6 Kd4 62. Ke7 Kc5 63. Ke8 Kc6 64. Ke7 Qe2+ 65. Kf6 Kd7 66. Kf5 Kd6 67. Kf4 Kd5 68. Kg3 Qf1 69. Kg4 Ke5 70. Kg3 Ke4 71. Kh2 Qf8 72. Kg1 Ke3 73. Kg2 Qf2+ 74. Kh3 Qg1 75. Kh4 Kf3 76. Kh5 Kf4 77. Kh6 Kf5 78. Kh7 Kf6 79. Kh8 Qg7# 0-1